[Event "RUS-ch Rapid Men 2018"]
[Site "Sochi"]
[Date "2018.10.05"]
[Round "5"]
[White "Kozlov, Oleg"]
[Black "Bocharov, Dmitry"]
[Result "0-1"]
[WhiteElo "2275"]
[BlackElo "2557"]
[Annotator "TA"]
[PlyCount "98"]
[EventDate "2018.10.05"]
[EventType "swiss"]
[EventCountry "RUS"]
[SourceTitle "playchess.com"]
[Source "ChessBase"]
[SourceQuality "1"]

{[%evp 12,98,-24,-48,-35,-46,-46,-46,-46,-48,-55,-55,-48,-50,-28,-35,-34,-31,0,-12,0,-31,-32,-91,-97,-106,-70,-105,-86,-106,-104,-109,-107,-167,-172,-174,-160,-295,-230,-356,-347,-514,-410,-537,-550,-548,-532,-511,-504,-500,-496,-1486,-1486,-1486,-1305,-2277,-2231,-2095,-827,-835,-835,-835,-835,-835,-835,-804,-720,-714,-670,-891,-859,-29972,-29973,-29973,-29974,-29974,-29975,-29975,-29976,-29976,-29977,-29981,-29982,-29982,-29983,-29984,-29985,-29986,-29987]} 1. Nf3 c5 2. c4 Nc6 3. b3 e5 4. d3 (4. Bb2 e4 5. Ng1 Nf6 6. Nc3 Be7 7. g3 O-O 8. Bg2 Re8 9. Nh3 d5 10. cxd5 Nxd5 11. Nxe4 Bf5 12. Nc3 {0-1 (31) Svidler,P (2759)-Vachier Lagrave,M (2798) Biel 2016}) 4... g6 5. Bb2 Bg7 6. a3 {A30: Symmetrical English: Double Fianchetto and Hedgehog} Nge7 7. e3 {LiveBook: 4 Games} d5 8. cxd5 {Black is slightly better.} Nxd5 9. Qc2 Be6 10. Nbd2 $146 ({Predecessor:} 10. Be2 Rc8 11. O-O O-O {½-½ (60) Seirawan,Y (2510)-Tarjan,J (2535) phone 1980}) 10... Rc8 11. Be2 O-O 12. O-O h6 {[%cal Bh7h6,Bh6h5,Bh5g4][%mdl 32]} 13. Rac1 g5 14. h3 Qd7 15. Qb1 b6 16. Qa1 {[%cal Rf3e5]} f6 17. Rfe1 {[#]} (17. b4 $15) 17... h5 $1 $17 18. Nh2 g4 19. hxg4 hxg4 20. g3 Bh6 {Strongly threatening ...Nxe3!} 21. Bf1 f5 $36 {[%mdl 2048] White is under strong pressure.} 22. Rcd1 (22. Nc4 $17) 22... f4 $19 23. exf4 exf4 24. Ne4 (24. Nc4 $17) 24... fxg3 25. fxg3 {[#]} (25. Nxg3 {was the only defense.} Qf7 {[#]} 26. Rxe6 $1 {[%mdl 512]} Qxe6 27. Re1) 25... Nd4 $1 {[%mdl 512]} 26. Bxd4 (26. Bc1 {is a better defense.} Nxb3 27. Qb2 Nxc1 28. Rxc1) 26... cxd4 27. Qxd4 Bg7 28. Qa4 b5 29. Qa6 Bd4+ 30. Kh1 Ne3 31. Rc1 (31. Rxe3 $142 Bxe3 32. a4) 31... Rxc1 32. Rxc1 Bb6 33. Be2 Bd5 34. a4 Bxe4+ (34... Qh7 $142 35. Qxb5 Bxe4+ 36. dxe4 Qxe4+ 37. Nf3 Rxf3 38. Qg5+ Kf7 39. Bc4+ Nxc4 40. Qh5+ Ke7 41. Qg5+ Kd6 42. Qg6+ Qxg6 43. Kg2 Rf2+ 44. Kg1 Rc2+ 45. Kf1 Qd3+ 46. Ke1 Rxc1#) 35. dxe4 Qd2 36. Rg1 Qxe2 37. Qxb5 Qxb5 38. axb5 Re8 39. Ra1 Rxe4 40. Ra4 Rd4 {And now ...Rd1+ would win.} 41. Rxd4 Bxd4 {Black mates.} 42. Kg1 Kf7 43. Kf2 Ke6 44. Ke2 Kd5 45. Kd3 Bb6 46. Kc3 Kc5 47. Kd3 Kxb5 48. Ke4 Kb4 49. Kf4 Kxb3 {Precision: White = 46%, Black = 81%.} 0-1

[Event "RUS-ch Rapid Men 2018"]
[Site "Sochi"]
[Date "2018.10.06"]
[Round "6"]
[White "Artemiev, Vladislav"]
[Black "Iljiushenok, Ilia"]
[Result "1-0"]
[WhiteElo "2706"]
[BlackElo "2539"]
[Annotator "TA"]
[PlyCount "71"]
[EventDate "2018.10.05"]
[EventType "swiss"]
[EventCountry "RUS"]
[SourceTitle "playchess.com"]
[Source "ChessBase"]
[SourceQuality "1"]

{[%evp 12,71,44,22,39,21,45,33,51,25,15,18,25,-21,20,0,31,34,50,50,54,52,62,52,53,50,46,41,39,37,37,24,22,15,12,11,32,36,45,40,22,14,24,12,94,91,91,81,158,151,203,210,374,288,381,271,721,718,886,772,855,849]} 1. c4 Nf6 2. Nc3 g6 3. g3 Bg7 4. Bg2 O-O 5. Nf3 d6 6. O-O a6 7. b3 {LiveBook: 5 Games. A16: English Opening: 1...Nf6 with ...d5} (7. Rb1 Nc6 8. d3 e5 9. b4 h6 10. a4 Be6 11. b5 axb5 12. axb5 Ne7 13. Qb3 c6 14. bxc6 bxc6 15. Nd2 d5 16. Ba3 Re8 17. Rfc1 Nf5 18. cxd5 cxd5 19. Nb5 Qa5 20. Nc7 Qxd2 21. Nxe8 Rxe8 {½-½ (52) Oparin,G (2612)-Iljiushenok,I (2532) Cheliabinsk 2018}) 7... Nc6 8. Bb2 Rb8 9. Rc1 {White is slightly better.} Bd7 10. e3 $146 ({Predecessor:} 10. a3 Na5 11. d3 c5 12. d4 Qb6 13. Nd2 cxd4 14. Nd5 Nxd5 15. cxd5 {½-½ (22) Bahji,H-Ibrahim,D (1923) Dubai 2005}) 10... b5 11. d3 e5 12. Nd2 Ne7 (12... Nb4 $5 {[%cal Rb4d3]}) 13. Qc2 b4 14. Nd5 h5 15. Nxf6+ Bxf6 16. d4 Bg7 17. dxe5 dxe5 18. Ne4 Bc6 19. Rcd1 Qe8 $1 20. Qe2 Nf5 21. a3 a5 22. axb4 axb4 23. Ra1 Ra8 24. Rxa8 Bxa8 25. Ra1 Qe7 26. Qe1 Kh8 27. Ra4 c5 {[#]} (27... Bc6 $11 {remains equal.}) 28. Qa1 $1 $36 {[%mdl 2048] Black is under strong pressure.} Bxe4 29. Bxe4 Nd6 (29... Rc8 $142) 30. Bd5 Re8 (30... Ne8 $16 31. Ra7 Nc7) 31. Ra7 $18 {[%cal Ba4a7,Ba7d7,Bd7f7][%mdl 32]} Qf8 $2 {[#]} (31... Qf6 32. Qa6 Rf8) 32. Rd7 Kh7 33. Qa7 Rc8 $2 (33... Nc8 34. Qa5 Ne7 35. Qxc5 Nxd5 36. Qxd5 Re7) 34. Qb6 {White is clearly winning.} Nf5 35. Rxf7 Qe8 36. Qa7 {Precision: White = 58%, Black = 36%.} 1-0

[Event "RUS-ch Rapid Men 2018"]
[Site "Sochi"]
[Date "2018.10.06"]
[Round "6"]
[White "Tomashevsky, Evgeny"]
[Black "Truskavetsky, Alexandr"]
[Result "1-0"]
[WhiteElo "2705"]
[BlackElo "2393"]
[Annotator "TA"]
[PlyCount "91"]
[EventDate "2018.10.05"]
[EventType "swiss"]
[EventCountry "RUS"]
[SourceTitle "playchess.com"]
[Source "ChessBase"]
[SourceQuality "1"]

{[%evp 27,91,0,0,0,0,0,0,0,0,0,0,0,8,0,0,0,11,0,0,0,0,0,0,0,0,0,0,0,0,0,0,0,0,0,0,0,0,0,0,0,66,66,66,66,66,70,80,66,66,66,73,0,0,0,8,8,8,0,0,0,0,0,5169,2074,29975,29975]} 1. c4 Nf6 2. Nc3 c5 3. Nf3 Nc6 4. g3 g6 5. Bg2 Bg7 6. d4 cxd4 7. Nxd4 O-O 8. O-O Nxd4 9. Qxd4 d6 10. Qd3 Qa5 11. Bd2 Qh5 12. f3 Be6 {A39: Symmetrical English vs ...g6: 4 Bg2 Bg7 5 Nf3 Nf6 6 0-0 0-0 7 d4} 13. b3 d5 14. cxd5 Nxd5 {LiveBook: 5 Games. The position is equal.} 15. Nxd5 Bxd5 16. Bc3 (16. Rad1 Bc6 17. Bb4 Bf6 18. f4 Rac8 19. Bxc6 Rxc6 20. Rc1 {1-0 (46) Teske,H (2527)-Devide,Z (2273) Aschach 2002}) 16... Bxc3 17. Qxc3 Bc6 18. Rfd1 $146 Rfd8 19. Rac1 Qf5 20. Kf2 Rd7 21. Qe3 a6 22. Rxd7 Qxd7 23. Rc3 Rd8 24. Rd3 Qc7 25. Rxd8+ Qxd8 26. b4 Qd6 27. a3 h5 28. h4 e5 29. Qc3 Qe6 30. Qc5 Qf6 31. Bh3 e4 {[%cal Re4f3]} 32. f4 {[%cal Bf3f4,Bf4f5][%mdl 32]} Qb2 33. f5 Qxa3 ({Black should try} 33... Qf6 $11) 34. fxg6 $14 e3+ 35. Qxe3 Qxe3+ 36. Kxe3 fxg6 {[%mdl 4096] Endgame KB-KB} 37. Bc8 {aiming for Kd4.} Kf7 38. Kd4 $1 {[%cal Rd4c5] Threatens to win with Kc5.} Ke7 {[#]} 39. Ke5 (39. Kc5 $1 $16 {[%cal Rc5b6] Hoping for Kb6.} Kd8 40. Be6) 39... Kd8 $1 $11 {[%cal Rd8c8]} 40. Be6 b6 41. Kd6 Be4 42. Bb3 a5 43. bxa5 bxa5 44. Ba4 Bb1 $2 {[%mdl 8192] [#]} (44... Bf5 $11) 45. Bc6 $18 Bc2 46. e4 {Precision: White = 78%, Black = 68%.} 1-0

[Event "RUS-ch Rapid Men 2018"]
[Site "Sochi"]
[Date "2018.10.06"]
[Round "6"]
[White "Dubov, Daniil"]
[Black "Sarana, Alexey"]
[Result "1-0"]
[WhiteElo "2703"]
[BlackElo "2641"]
[Annotator "TA"]
[PlyCount "79"]
[EventDate "2018.10.05"]
[EventType "swiss"]
[EventCountry "RUS"]
[SourceTitle "playchess.com"]
[Source "ChessBase"]
[SourceQuality "1"]

{[%evp 16,79,12,-7,8,0,94,104,100,54,45,-38,-26,-22,-34,-112,-8,7,-29,-160,-171,-172,-102,-116,-126,-83,-116,-118,-91,-154,-152,-231,-249,-352,-241,-446,-65,-277,186,177,886,820,951,871,923,893,1148,521,837,782,789,788,965,964,1046,750,1621,1617,1633,1634,1612,1568,29986,29987,29992,29993]} 1. Nf3 d5 2. e3 Nf6 3. c4 e6 4. b3 Be7 5. Bb2 O-O 6. Nc3 c5 7. cxd5 Nxd5 8. Qc2 {A13: English Opening: 1...e6} Nc6 9. h4 {LiveBook: 6 Games} Qd7 $146 ({Predecessor:} 9... h6 10. g4 Nxc3 11. dxc3 e5 12. g5 h5 13. Bc4 Be6 14. Bxe6 fxe6 15. Nd2 Qe8 {½-½ (40) Carlsen,M (2840)-Ganguly,S (2668) Doha 2016}) 10. a3 {The position is equal.} b6 (10... Nf6 $11) 11. Ng5 $1 $16 {[%csl Gg5][%cal Rc2h7]} (11. Nxd5 $6 exd5 12. d4 cxd4 $11) 11... Nf6 12. Bc4 (12. Nd5 exd5 13. Bxf6 g6 $15) 12... Rd8 $1 13. f4 (13. Nce4 $14) 13... Na5 $1 $15 14. Bb5 Qb7 15. O-O-O ({White should play} 15. Ne2 $15) 15... a6 (15... Qxg2 16. Rhg1 $16) (15... h6 $1 $17 16. Nf3 Ng4) 16. Be2 $11 Bd7 $1 17. Bd3 (17. Kb1 $11 {keeps the balance.}) 17... h6 $17 (17... Qxg2 $2 18. Rhg1 $18) 18. Nce4 Ne8 $36 {[%mdl 2048] White is under strong pressure.} (18... hxg5 19. hxg5 Nxb3+ 20. Kb1 $16) (18... c4 $1 $19 {[%cal Rc4d3]} 19. bxc4 Ne8) 19. Nxf7 Kxf7 20. Ng5+ Bxg5 21. hxg5 hxg5 {White must now prevent ...Qd5.} (21... Qxg2 22. Be4 $18) 22. Rh7 {[#]} (22. Bc3 $142 Rac8 23. Bg6+ Ke7 24. Rh7) 22... Qd5 $1 {[%cal Rd5b3]} ({Weaker is} 22... Qxg2 23. Bg6+ Ke7 24. Be4 $11) 23. Qc3 {[#]} (23. Bg6+ $17 Ke7 24. Bxg7 Nxg7 25. Rxg7+ Kd6 26. d4) 23... e5 $1 $19 ({Don't play} 23... Nxb3+ 24. Kb1 $17) ({Stronger than} 23... Qxb3 24. Rxg7+ Kf8 25. Rh7 $11) 24. Bc2 (24. e4 {was called for.} Qd4 25. Qc2) 24... Bg4 25. e4 $2 (25. Rf1 {was necessary.} Qxg2 26. Rfh1) 25... Qd7 $2 ({Better is} 25... Qd4 $19 26. fxe5 Bxd1 27. Qxd4 cxd4 28. Bxd1 Nc6) 26. Rf1 $2 (26. Qxe5 $15 Qe7 27. Qxe7+ Kxe7 28. Rf1) 26... gxf4 $4 {[%mdl 8192]} (26... Nc6 $19 {avoids the disaster.} 27. fxe5+ Kg8) 27. Qxe5 $18 Qxd2+ $2 (27... Kg8 28. Rfh1 Nf6 29. Rh8+ Kf7) 28. Kb1 Rd4 29. Bc1 Qxg2 30. Qxf4+ Ke7 31. Rh2 (31. Qf7+ $142 Kd6 32. Qg6+ Kc7 33. Rf7+ Kc8 34. Qxb6) 31... Qxc2+ 32. Kxc2 Be6 33. Bb2 Bxb3+ 34. Kb1 Rd6 35. Rh8 Be6 {[#]} 36. Bxg7 $1 {[%mdl 512]} Nc4 (36... Nxg7 37. Rxa8) 37. Bf8+ Kd7 38. Bxd6 Ncxd6 39. Rd1 Rc8 {[#]} 40. Rxe8 $1 {Precision: White = 41%, Black = 36%.} 1-0

[Event "RUS-ch Rapid Men 2018"]
[Site "Sochi"]
[Date "2018.10.06"]
[Round "6"]
[White "Matlakov, Maxim"]
[Black "Pogromsky, Mikhail"]
[Result "1-0"]
[WhiteElo "2683"]
[BlackElo "2415"]
[Annotator "TA"]
[PlyCount "131"]
[EventDate "2018.10.05"]
[EventType "swiss"]
[EventCountry "RUS"]
[SourceTitle "playchess.com"]
[Source "ChessBase"]
[SourceQuality "1"]

{[%evp 10,131,22,14,28,9,8,0,0,9,0,0,0,-5,25,39,39,43,40,21,28,20,45,20,20,22,60,43,51,45,51,8,17,0,30,27,49,46,41,32,39,-37,-29,-29,0,0,0,0,0,0,40,55,53,51,78,86,136,135,154,119,125,79,133,113,158,152,187,176,176,164,177,172,195,195,182,142,140,143,137,112,146,142,143,103,127,90,97,0,126,0,133,90,167,12,20,12,20,12,13,13,13,13,166,148,144,74,318,0,141,73,228,141,640,637,1054,1050,968,950,1060,1035,1593,1201,11666,11666]} 1. e4 c5 2. Nf3 a6 3. g3 g6 4. Bg2 Bg7 5. O-O (5. c3 d5 6. exd5 Qxd5 7. d4 Nf6 8. O-O cxd4 9. cxd4 O-O 10. Nc3 Qh5 11. Ne5 Qxd1 12. Rxd1 {1-0 (33) Hou,Y (2629)-Cramling,P (2525) Beijing 2013}) 5... Nc6 6. c3 {LiveBook: 6 Partien. B28: Sizilianisch (Frühes a7-a6)} Nf6 7. Qe2 O-O $146 ({Vorgänger:} 7... d6 8. Rd1 Ne5 9. d4 Nxf3+ 10. Bxf3 Qc7 11. Bg5 h6 {1-0 (41) Popovic,A (2254)-Tomic,Z Belgrade 2010}) 8. d4 {Die Stellung ist ausgeglichen.} cxd4 9. cxd4 d5 10. e5 Ne4 11. Be3 Bd7 12. Rd1 Rc8 13. Ne1 Nb4 14. a4 {Droht f3 und aus.} f6 $1 15. f3 Ng5 16. Nc3 Nf7 17. f4 fxe5 18. dxe5 e6 19. a5 g5 20. Nf3 gxf4 21. gxf4 Nh6 22. Bh3 $1 Nf5 23. Bxf5 $1 Rxf5 24. Nd4 Rf8 25. Kh1 (25. Qg4 $14) 25... Nc6 $1 $15 26. Nf3 d4 27. Nxd4 Nxd4 28. Rxd4 Bc6+ 29. Kg1 Qe7 30. Ne4 Bxe4 31. Rxe4 Rfd8 32. Kh1 Qe8 33. Rg1 Qc6 34. Qg2 {[%csl Gg1][%cal Rg2g7]} Rd7 35. Bd4 Rf8 ({Lieber} 35... Kh8) 36. Bc3 $16 Rf5 37. Rb4 Qxg2+ 38. Kxg2 Kf7 39. Kf3 Rh5 40. Rg2 Bf8 41. Rc4 Rh3+ 42. Ke2 Bh6 43. Bb4 Bf8 44. Bd2 Rhd3 45. Bc3 $1 Rh3 46. Re4 Rh5 47. Kf3 Rd3+ 48. Ke2 Rd7 $1 49. Rc4 Rh3 50. Rf2 Kg6 {[#]} (50... Bh6 $16) 51. Rc8 $2 ({Weiss kommt nicht vorbei an} 51. f5+ $1 $18 {[%mdl 512]} exf5 52. e6) 51... Bh6 $11 52. Bd2 $36 {[%mdl 2048] Schwarz steht unter Druck.} Kf5 53. Be3 Ke4 54. Rc4+ Kf5 55. Rg2 Rg7 $2 (55... Rh4 $11 {und Schwarz ist OK.}) 56. Rxg7 $18 Bxg7 {[%mdl 4096] Endspiel [#] KTL-KTL} 57. Rc7 (57. Bf2 $142 $1 Rb3 58. Rc7) 57... Ke4 $2 (57... Rxh2+ $16 58. Kd3 Rg2) 58. Rc4+ ({Schwächer ist} 58. Rxg7 Rxe3+ 59. Kd2 Rb3 $11) (58. Bf2 $18) 58... Kf5 $16 59. Rb4 (59. Bf2 $142 Rb3 60. Rc7) 59... Rxh2+ 60. Kd3 Bh6 $2 {[%mdl 8192]} (60... h5 $16) 61. Rxb7 $18 {Weiß steht klar auf Gewinn.} Kg6 62. Re7 Kf5 63. Rf7+ Kg4 64. Rxh7 Rh3 65. b4 Kf3 {[#]} 66. f5 $1 {Precision: Weiß = 53%, Schwarz = 43%.} 1-0

[Event "RUS-ch Rapid Men 2018"]
[Site "Sochi"]
[Date "2018.10.06"]
[Round "6"]
[White "Demchenko, Anton"]
[Black "Triapishko, Alexandr"]
[Result "1/2-1/2"]
[WhiteElo "2679"]
[BlackElo "2508"]
[Annotator "TA"]
[PlyCount "89"]
[EventDate "2018.10.05"]
[EventType "swiss"]
[EventCountry "RUS"]
[SourceTitle "playchess.com"]
[Source "ChessBase"]
[SourceQuality "1"]

{[%evp 14,89,52,0,26,27,27,21,22,22,23,22,26,29,30,22,32,31,29,18,25,12,26,-3,-6,-10,-18,-25,-10,-25,-25,-25,-29,-35,-37,-23,-35,-44,-9,-9,-17,-50,-50,-50,-43,-125,0,-126,-118,-121,-109,-208,-204,-319,-86,-295,-275,-327,-318,-350,-261,-269,-266,-257,-258,-252,-244,-222,-43,-43,-44,-42,-41,-41,0,-11,0,-47]} 1. d4 d5 2. Bf4 c5 3. e3 Nc6 4. Nf3 cxd4 5. exd4 Nf6 6. c3 a6 {B13: Caro-Kann: Exchange Variation and Panov-Botvinnik Attack} (6... Bf5 7. Qb3 Qc8 8. Nbd2 e6 9. Nh4 Bg4 10. h3 Bh5 11. Bd3 Be7 12. O-O a6 13. Rae1 Nd7 14. Ndf3 b5 {1-0 (32) Nisipeanu,L (2672)-Laznicka,V (2654) Germany 2018}) 7. Nbd2 Bg4 8. h3 {LiveBook: 3 Games} (8. Qb3 $14) 8... Bh5 9. Bd3 e6 10. O-O Bd6 11. Bxd6 Qxd6 12. Re1 O-O 13. Qb1 Bxf3 $146 ({Predecessor:} 13... Bg6 14. Ne5 Bxd3 15. Qxd3 Nd7 16. f4 f6 17. Nxd7 Qxd7 18. Qg3 Rae8 19. Nf3 Qc7 {½-½ (39) Capaliku,A (2157)-Barp,A (1911) Mogliano Veneto 2013}) 14. Nxf3 g6 15. Qc1 Kg7 16. Ne5 Qc7 17. Qf4 Rac8 18. Re3 Nd7 19. Qg3 Ndxe5 20. dxe5 Rfd8 21. Ree1 d4 22. c4 Nb4 23. b3 $1 {[#]} b5 $1 {[%mdl 512]} 24. cxb5 axb5 25. Red1 $1 Nxd3 26. Rxd3 Qc2 27. Rad1 Qxa2 28. Qf4 Qe2 29. R1d2 ({Better is} 29. R3d2 $15 Qh5 30. Re1) 29... Qe1+ $17 30. Kh2 Rd5 31. Qf6+ Kg8 32. f4 (32. Rf3 $17 Qxe5+ 33. Qxe5 Rxe5 34. Rxd4) 32... Qe4 $19 33. Rf3 (33. Qg5 {is a better defense.}) 33... Qf5 $2 {[#]} (33... d3 $19 {and Black stays clearly on top.} 34. Rf1 Rc2) 34. Qe7 $2 (34. Rfd3 $17) 34... d3 35. Qb4 h5 36. Rg3 {intending Rg5.} Rcd8 37. Rg5 Rd4 38. Qxd4 Rxd4 39. Rxf5 gxf5 {[%mdl 4096] Endgame KR-KR} ({Don't do} 39... exf5 40. Kg3 $17) 40. Kg3 h4+ $2 ({Black should try} 40... Kg7 $19 {Threatens to win with ...f6.} 41. Kf3 f6) 41. Kf3 $1 $15 Kg7 42. Ke3 Re4+ 43. Kf3 $1 Rd4 {With the idea ...f6.} 44. Ke3 Re4+ 45. Kf3 $1 {Precision: White = 46%, Black = 58%.} 1/2-1/2

[Event "RUS-ch Rapid Men 2018"]
[Site "Sochi"]
[Date "2018.10.06"]
[Round "6"]
[White "Morozevich, Alexander"]
[Black "Savchenko, Boris"]
[Result "1-0"]
[WhiteElo "2656"]
[BlackElo "2562"]
[Annotator "TA"]
[PlyCount "45"]
[EventDate "2018.10.05"]
[EventType "swiss"]
[EventCountry "RUS"]
[SourceTitle "playchess.com"]
[Source "ChessBase"]
[SourceQuality "1"]

{[%evp 17,45,0,27,15,181,182,232,232,266,255,237,256,437,417,400,402,446,422,419,369,359,371,360,349,349,357,354,352,352,348]} 1. e4 {Marin,M} e6 2. d4 d5 3. Nc3 Bb4 4. e5 c5 5. a3 Bxc3+ 6. bxc3 Qa5 7. Bd2 Qa4 8. Qg4 Kf8 9. Nf3 {C18: French: 3 Nc3 Bb4: Main line: 7 h4 and 7 Qg4} b6 {LiveBook: 3 Games} 10. c4 {[%cal Bc3c4,Bc4d5,Bd5d6][%mdl 32]} Qxc2 $146 {[#]} (10... Ne7 $11) ({Predecessor:} 10... Ne7 11. Bd3 dxc4 12. dxc5 bxc5 13. Ng5 h6 14. Nh7+ Rxh7 15. Bxh7 Bb7 16. O-O Nbc6 {1-0 (29) Caruana,F (2817)-Naroditsky,D (2646) Saint Louis 2017 CBM 178 [Marin,M]}) 11. cxd5 $18 {Black must now prevent Rc1.White is clearly better.} Ne7 12. d6 Nd5 13. Rc1 Qa4 14. Bc4 $40 {[%mdl 128] [#] Strongly threatening Bxd5. White wants a kill.} Ba6 $2 (14... Bb7 15. Ng5 Qe8 16. dxc5 bxc5) 15. Bxd5 exd5 16. e6 h5 17. Qf5 {[%csl Ge6][%cal Rf5f7]} Qe8 18. Ne5 {[%cal Re6f7]} Qxe6 19. Qxe6 fxe6 20. dxc5 bxc5 21. Rxc5 Kg8 22. d7 Kh7 23. Bg5 {Precision: White = 85%, Black = 28%.} 1-0

[Event "RUS-ch Rapid Men 2018"]
[Site "Sochi"]
[Date "2018.10.06"]
[Round "6"]
[White "Oparin, Grigoriy"]
[Black "Sychev, Klementy"]
[Result "1-0"]
[WhiteElo "2624"]
[BlackElo "2534"]
[Annotator "TA"]
[PlyCount "97"]
[EventDate "2018.10.05"]
[EventType "swiss"]
[EventCountry "RUS"]
[SourceTitle "playchess.com"]
[Source "ChessBase"]
[SourceQuality "1"]

{[%evp 14,96,14,-39,-46,-37,13,0,15,0,3,-14,-51,-26,-31,-28,6,-48,-32,-70,0,-5,-14,-9,-3,-4,-6,-62,0,-43,0,0,0,-78,0,-8,2,3,0,0,62,0,0,0,0,0,33,-42,-63,-83,-83,-87,-39,-44,-57,-153,-9,-88,180,-26,0,0,0,0,0,-3,0,0,550,550,488,0,285,268,276,269,248,239,29959,29959,29958,29953,29998,29999,29999]} 1. c4 g6 2. g3 c5 3. Bg2 Bg7 4. Nc3 Nc6 5. a3 e6 6. Rb1 Nge7 7. b4 {A36: Symmetrical English vs ...g6: 4 Bg2 Bg7} d6 8. e3 {LiveBook: 14 Games} (8. h4 $11) (8. Nf3 O-O 9. O-O b6 10. e3 d5 11. bxc5 bxc5 12. Na4 Qd6 13. d3 Ba6 14. Qc2 Rab8 15. Rxb8 Rxb8 16. cxd5 Nxd5 17. e4 {½-½ (33) Ding,L (2773)-Svidler,P (2755) Moscow 2017}) 8... Ne5 $15 9. Qe2 {Black is slightly better.} O-O $146 ({Predecessor:} 9... f5 10. Bb2 O-O 11. f4 N5c6 12. Ba1 cxb4 13. axb4 a5 14. b5 Nb4 {1-0 (27) Ivarsson,S-Lindh,B Sweden 1975}) 10. f4 N5c6 11. Nf3 b6 12. b5 Na5 13. Bb2 d5 14. d3 Bb7 15. O-O (15. e4 $1 $11) 15... Nf5 16. Ne5 d4 (16... f6 $15 17. Nf3 Qd7) 17. Nd1 Bxg2 18. Kxg2 dxe3 19. Nxe3 Nd4 20. Qf2 (20. Bxd4 $11 Qxd4 21. Nd1) 20... Rc8 (20... a6 $15) 21. h4 h5 22. g4 hxg4 $1 23. N3xg4 (23. Bxd4 $1 $11 Qxd4 24. N3xg4) 23... Nf5 (23... f5 $17 24. Nh2 Bxe5 25. fxe5 Nab3 26. Bxd4 Nxd4) 24. Rh1 f6 $132 {[%mdl 2048] Black has counterplay} 25. Nxg6 Qxd3 26. Nxf8 Rxf8 (26... Nxc4 $11 27. Nxe6 Nfe3+ 28. Kg3 (28. Nxe3 Nxe3+ 29. Kg3 Nf1+ 30. Kg2 Ne3+ 31. Kg3 Nf1+ 32. Kg4 Ne3+ 33. Kh3 Nf1+ 34. Kg4 Ne3+ 35. Kg3 $11) 28... Nf1+ 29. Kg2 Nfe3+ 30. Kg3 (30. Nxe3 Nxe3+ 31. Kh3 Nf1+ 32. Kg2 Ne3+ 33. Kg3 Nf1+ 34. Kg2 Ne3+ $11) 30... Nf1+ 31. Kg2 Nfe3+) 27. Rhe1 (27. Rbd1 $14 Qb3 28. h5) 27... Nxc4 $11 {And now ...Rd8 would win.} 28. Rbd1 Qb3 29. Ba1 Nxa3 (29... Ncd6 $5 {[%cal Rd6e4]} 30. Kh2 Kf7 $11) 30. Rd2 (30. Ne3 $14 Nxb5 31. Nxf5 exf5 32. Qd2) 30... Nxb5 $15 31. h5 Nbd4 32. Bxd4 {aiming for Bb2.} Nxd4 33. h6 Qd5+ 34. Kg3 (34. Kh3 $15) 34... Bh8 ({Black should try} 34... Rf7 $1 $17 {Strongly threatening ...Qh5.} 35. Qg2 Qxg2+ 36. Rxg2 f5) 35. Qg2 (35. h7+ $1 $11 Kxh7 36. Qg2) 35... Qf5 $2 {[%mdl 8192] [#]} (35... Qxg2+ $17 {stays on course.} 36. Rxg2 f5) 36. Ne3 $2 ({Better is} 36. h7+ $1 $18 {[%mdl 512]} Qxh7 37. Rh1) 36... Qg6+ 37. Kh3 Qxg2+ 38. Rxg2+ Kh7 {Threatens to win with ...f5.} 39. f5 exf5 {White must now prevent ...Re8.} 40. Nd5 {Threatening mate with Re7+.} Nf3 $2 {[%mdl 8192]} (40... Nc6 $1 $11) 41. Re7+ $18 Kxh6 {[#]} 42. Nf4 $2 ({Only move:} 42. Kg3 $1 $18 {[%cal Rg3f3]} Rd8 43. Nf4 Rg8+ 44. Kxf3 Rxg2 45. Nxg2) 42... Ng5+ $2 {[%mdl 8192]} (42... Ne5 $1 $11 {and Black is okay.}) 43. Kg3 {White wants to mate with Rh2+.} Rf7 44. Rh2+ Kg7 {[#]} 45. Re8 $1 Nh7 $2 (45... Rf8 $18 46. Rxf8 Ne4+ 47. Kf3 Kxf8) 46. Ne6+ {White mates.} Kg6 47. Rxh8 Re7 48. Nf4+ Kg7 49. R2xh7# {Precision: White = 37%, Black = 34%.} 1-0